[Event "EU-chT (Men) 18th"]
[Site "Porto Carras"]
[Date "2011.11.04"]
[Round "2.2"]
[White "Lenic, Luka"]
[Black "Gretarsson, Hjorvar Steinn"]
[Result "1-0"]
[WhiteElo "2634"]
[BlackElo "2452"]
[Annotator "Marin,M"]
[PlyCount "85"]
[EventDate "2011.11.03"]
[EventType "team-swiss"]
[EventRounds "9"]
[EventCountry "GRE"]
[SourceTitle "CBM 146"]
[Source "ChessBase"]
[SourceDate "2012.01.18"]
[SourceVersion "1"]
[SourceVersionDate "2012.01.18"]
[SourceQuality "1"]
[WhiteTeam "Slovenia"]
[BlackTeam "Iceland"]
[WhiteTeamCountry "SLO"]
[BlackTeamCountry "ISL"]

1. d4 Nf6 2. c4 e6 3. g3 Bb4+ 4. Bd2 a5 5. Nf3 {Quite a curious move order.
This is an open invitation to the Queen's Indian, something that White usually
wants to avoid when choosing the Catalan. However, it seems that even after 5.
Bg2 White cannot punish his opponent for trying to get a QI anyway. Here are
two such lines.} (5. Bg2 O-O (5... d5 6. Nf3 dxc4 {leads to a popular
variation; for its old-fashioned treatment, see my article for CBM 137.}) 6. e4
{This offers Black a comfortable Bogo-Indian position.} d6 7. Ne2 e5 8. O-O (8.
a3 Bxd2+ 9. Nxd2 exd4 (9... a4 10. O-O Nbd7 11. h3 c6 12. Qc2 Re8 13. Kh2 exd4
14. Nxd4 Nc5 15. Rae1 Bd7 16. f4 Qc7 17. N4f3 h6 18. e5 dxe5 19. fxe5 Nh7 $15 {
Genutis,M (2325)-Fedorchuk,S (2650)/Salou 2011/CBM 142 Extra (0-1, 29)}) 10.
Nxd4 Nc6 11. Nb5 Ne5 12. O-O c6 13. Nc3 Be6 14. b3 Qb6 15. Qc2 Nfd7 $132 {
Laznicka,V (2688)-Jaracz,P (2565)/Aix-les-Bains 2011/CBM 142 (1/2, 42)}) 8...
Re8 (8... exd4 9. Nxd4 Re8 10. Re1 Bc5 11. Bc3 Ng4 12. Rf1 Ne5 13. Nd2 Bg4 14.
Qc2 Nbc6 15. Nxc6 bxc6 $132 {Nyback,T (2635)-Baklan,V (2621)/Plovdiv 2010/CBM
139 (1/2, 22)}) 9. d5 c6 10. Nbc3 cxd5 (10... Na6 11. a3 Bc5 12. Na4 Bd7 13.
Nxc5 Nxc5 14. Nc3 a4 15. h3 cxd5 16. cxd5 Nb3 17. Rb1 Nxd2 18. Qxd2 Qb6 $11 {
Saric,A (2471)-Franic,M (2399)/Zadar 2009/CBM 133 Extra (1/2, 48)}) 11. cxd5
Bd7 12. Nc1 Na6 13. Nd3 Nc5 14. Be3 b6 15. Bxc5 bxc5 16. Rc1 c4 17. Ne1 Qb6 18.
Qe2 Rec8 19. Nf3 a4 $15 {Housieaux,D (2305)-Epishin,V (2574)/Bethune 2005/CBM
110 ext (1/2, 116)}) ({Or} 5. Bg2 O-O 6. Nf3 b6 7. Ne5 (7. O-O Bb7 {transposes
to the main game.}) 7... Ra7 {We can see one of the merits of ...a5: the rook
has a comfortable square on a7. The white knight is rather exposed than
threatening on e5.} 8. O-O d6 9. Nd3 (9. Nc6 Nxc6 10. Bxc6 {has not been
played so far. One simple solution might be} Bxd2 11. Qxd2 Bb7 12. Bxb7 Rxb7
13. Nc3 d5 14. cxd5 exd5 15. Rac1 c6 16. Rc2 Qd6 {and Black seems to defend
his queenside comfortably, while the possible pressure along the e-file and
the plan based on ...h5-h4 may offer him counterplay in the long run.}) 9...
Bxd2 10. Qxd2 (10. Nxd2 c5 {The simplest way to achieve approximate equality.}
(10... Bb7 11. e4 Nbd7 {leads to more interesting play, with chances for both
sides.} 12. f4 e5 13. d5 c6 $132 {Iordachescu,V (2632)-Amir,K (2234)/Khanty
Mansiysk 2010/CBM 139 (1-0, 34)}) 11. e3 Nbd7 12. Rc1 Bb7 13. Bxb7 Rxb7 14. Qf3
Rc7 15. Ne4 Qa8 16. Nxf6+ Nxf6 17. Qxa8 {1/2 Kavalek,L (2590)-Hort,V (2590)/
Wijk aan Zee 1982/MCD}) 10... Bb7 11. Nc3 Bxg2 12. Kxg2 c5 {Once again, this
way of attacking the centre is the most reliable.} ({The alternate plan is} 
12... Nbd7 13. f3 e5 14. e4 exd4 15. Nb5 Ra8 16. Nxd4 Ne5 17. Rac1 Nxd3 18.
Qxd3 Re8 19. Rfd1 Nd7 {[%cal Gd7c5] Black is only microscopically worse,
something the Bogo players are used to, Horvath,J (2526)-Aleksic,N (2421)/
Montecatini Terme 1999/EXT 2000 (1-0, 57)}) 13. Ne1 cxd4 14. Qxd4 Nc6 15. Qd2
Rd7 16. Nf3 d5 $11 17. cxd5 Nxd5 18. Rfd1 h6 19. a3 Qa8 20. Nxd5 Rxd5 21. Qe3
Rb5 22. Rac1 Ne7 23. Rc2 a4 24. Kg1 Rc8 {1/2 Agzamov,G (2435)-Jussupow,A (2575)
/Frunze 1981/URS-ch}) 5... b6 6. Bg2 Bb7 7. O-O O-O 8. Bf4 {[%csl Rb4][%cal
Gc4c5]} Be7 9. Re1 (9. Nc3 {is the main line. I have given a short overview on
it in my notes to the game mentioned in the next comment.}) 9... d5 $5 {
Trying to take advantage of the early development of the bishop to f4.} ({
I did not find anything wrong with} 9... Qc8 {Zhukova,N (2443)-Fedorchuk,S 
(2662)/Aix-les-Bains 2011/CBM 142/[Marin,M] (0-1, 53)}) 10. Ne5 $146 ({The
point is that after} 10. cxd5 Nxd5 $1 {the bishop is exposed.} 11. Bd2 c5 12.
Nc3 Nc6 13. e4 Nxc3 14. Bxc3 cxd4 15. Nxd4 Nxd4 16. Qxd4 Qxd4 17. Bxd4 {
1/2 Brodsky,M (2572)-Krivoruchko,Y/Sochi 2008/CBM 123 Extra}) 10... Ne4 $5 (
10... Qc8 11. Nc3 dxc4 12. e4 (12. Bxb7 Qxb7 13. Nxc4 Nc6 14. Rc1 b5 $132)
12... Rd8 13. Nxc4 Nc6 14. d5 $36) 11. Nc3 Nxc3 12. bxc3 Nd7 13. cxd5 exd5 $6 {
This offers White an advantage in the centre, in the presence of relatively
many pieces on board.} ({He should have provoked simplifications with:} 13...
Nxe5 14. Bxe5 (14. d6 Bxg2 15. dxe7 Qxe7 16. Kxg2 Ng6 17. Bd2 {Black has
several plans, but I would prefer} e5 $5) 14... Bxd5 15. Bxd5 (15. e4 Bc4 {
[%cal Ga8c8,Ge7d6] looks OK for Black.}) 15... Qxd5 16. Bxc7 Qc6 17. Be5 Qxc3
18. Rc1 Qa3 $132) 14. c4 Bb4 15. Rf1 Nf6 16. Bg5 Be7 17. Qc2 $14 {White is
better develoepd and has better control in the centre.} Re8 18. Rfd1 Qd6 19.
Rac1 Qe6 20. e3 Rad8 21. Bxf6 Bxf6 22. Nd3 dxc4 23. Nf4 Qc8 24. Bxb7 Qxb7 25.
Qxc4 Rd7 26. Qc6 Qxc6 27. Rxc6 Rb8 28. a4 Kf8 29. Ne2 Ke8 30. Nc3 Kd8 31. Nb5
Rb7 32. e4 Kc8 33. f4 Be7 34. Kg2 Kd8 35. Kf3 Bb4 36. Rdc1 Be7 37. Ke3 Bb4 38.
e5 Be7 39. Ke4 Bf8 40. f5 Bb4 41. g4 Re7 42. g5 Bd2 43. f6 1-0

[Event "EU-chT (Men) 18th"]
[Site "Porto Carras"]
[Date "2011.11.05"]
[Round "3.1"]
[White "Rodshtein, Maxim"]
[Black "Bacrot, Etienne"]
[Result "1/2-1/2"]
[WhiteElo "2645"]
[BlackElo "2714"]
[Annotator "Marin,M"]
[PlyCount "169"]
[EventDate "2011.11.03"]
[EventType "team-swiss"]
[EventRounds "9"]
[EventCountry "GRE"]
[SourceTitle "CBM 146"]
[Source "ChessBase"]
[SourceDate "2012.01.18"]
[SourceVersion "1"]
[SourceVersionDate "2012.01.18"]
[SourceQuality "1"]
[WhiteTeam "Israel"]
[BlackTeam "France"]
[WhiteTeamCountry "ISR"]
[BlackTeamCountry "FRA"]

1. d4 Nf6 2. c4 e6 3. Nf3 b6 4. g3 Bb7 5. Bg2 Bb4+ 6. Bd2 a5 7. O-O O-O 8. Bg5
Be7 9. Qc2 {The only move that offers chances for an advantage.} (9. Nc3 {
allows favourable simplifications after} Ne4 10. Bxe7 Qxe7 11. Qc2 Nxc3 12.
Qxc3 d6 {If we compare this position with some arising from the 6...Bxd2+ line,
about which I published an article in CBM 144, we can notice that Black is a
tempo up. Instead of ...Nd7, he has ...Qe7 and ...a5, both useful moves. Here
is a recent game of mine:} 13. Ne1 Bxg2 14. Nxg2 Nc6 (14... Nd7) 15. d5 Ne5 16.
e4 Rae8 17. Rae1 Nd7 18. f4 exd5 $5 {The best chance to complicate matters.} (
18... Nc5 19. b3 exd5 20. exd5 Qd7 {only led to comfortable equality in Miroiu,
G (2281)-Marin,M (2550)/Brasov 2011/CBM 144 Extra (1/2, 23)}) 19. cxd5 (19.
exd5 Qf6 {leaves White slightly over extended.}) 19... Nf6 20. Qd4 Nxe4 21. g4
{This was the position that made me reject the variation, but I failed to
notice that the e4-knight can be saved:} f5 22. gxf5 Rxf5 23. Rf3 c6 $1 24.
dxc6 Rc5 $13 {[%cal Gd6d5]}) (9. Bxf6 {is frequently played, but after} Bxf6
10. Nc3 d6 {Black is practically a tempo up compared to the main game.}) 9...
h6 {This is by far the most popular continuation, but not the only playable
one.} (9... Be4 $5 {may be quite OK if Black does not mind an early draw by
repetition.} 10. Qc1 ({Or} 10. Qd2 Bb7 11. Nc3 Ne4 12. Nxe4 Bxe4 {White's best
is transposing to 10.Qc1 with 13.Bxe7 Qxe7 14.Qf4, since} 13. d5 {looks
premature:} Na6 14. Rad1 Bxg5 15. Nxg5 Bxg2 16. Kxg2 Nc5 17. Nf3 d6 18. Qc2 e5
19. b3 f5 {Black obviously has no problems at all and will even get the
initiative soon.} 20. a3 Qf6 21. b4 axb4 22. axb4 Nd7 23. Qc3 f4 24. Nd2 Qf5
25. f3 Ra2 26. Rf2 Rfa8 27. Ne4 Nf6 28. Nxf6+ gxf6 29. Rd3 e4 $36 {Iordachescu,
V (2584)-Kunin,V (2507)/Port Erin 2007/CBM 120 ext (1/2, 47)}) 10... Bb7 11.
Nc3 Ne4 12. Nxe4 Bxe4 13. Bxe7 Qxe7 14. Qf4 {Here, too, Black is a tempo up
with respect to the line with 11.Qf4 from my aforementioned article, having
played ...a5 and ...Qe7 instead of ...d6. Concretely things are not that
simple, because the c7-pawn is hanging, preventing Black's main defences from
the 6...Bxd2+ variation, namely ...f5 and ...Bb7.} d5 {Probably the best.} (
14... Bxf3 15. Bxf3 Ra7 {leaves Black slightly under-developed and without a
clear plan of neutralising the enemy bishop.} 16. a3 {Probably played with the
intention of preventing ...Qb4.} a4 17. Rac1 d6 18. c5 {Possibly premature.}
bxc5 19. dxc5 d5 {The standard reaction, but Black cannot stabilise his
position because of White's unchallenged pressure on the light squares.} 20. c6
Ra6 21. e4 e5 22. Qd2 d4 23. Be2 Rb6 24. Rc4 Rxc6 25. Rxc6 Nxc6 26. Bb5 Nd8 27.
Bxa4 {Despite the computer's optimism with Black, I find White's position
preferable. He has a clear plan of blocking the enemy centre on the light
squares and then start advancing the queenside majority, Dzhumagaliev,Y (2389)
-Barlakov,A (2308)/Barnaul 2011/ (1-0, 56)}) 15. cxd5 exd5 16. Rac1 Na6 17. Rc6
Qb4 18. Qc1 Qb5 19. Re1 Rfe8 20. a3 Re7 {[%cal Ga6c5] /\...Nc5} 21. Rc3 c5 $11
{Black has solved all his opening problems.} 22. e3 c4 23. b3 cxb3 24. Bf1 {
Dautov,R (2595)-Xu Jun (2505)/Bad Homburg 1997/CBM 060 (1/2, 81)} Qd7 $1 25.
Ne5 $8 Rxe5 26. dxe5 Nc5 $15) 10. Bxf6 Bxf6 11. Nc3 d6 (11... g6 {may be the
more accurate move order, preventing the game's tactical blow. This is how two
games by Karpov (one with each colour) continued:} 12. Rad1 d6 13. h4 h5 14. e4
Nd7 15. Rfe1 (15. e5 Bg7 16. d5 {was played in a game in which a draw ensured
White the victory in a historic match, but cannot be recommended:} Nxe5 17.
Nxe5 Bxe5 18. dxe6 Bxg2 19. exf7+ Kxf7 20. Kxg2 Bxc3 21. Qxc3 Qf6 22. Qxf6+
Kxf6 {Although the ending is drawish, the general feeling was that White
struggled slightly in Kasparov,G (2740)-Karpov,A (2705)/London/Leningrad 1986/
MainBase (1/2, 41)}) 15... Bg7 16. Nb5 $5 {Very typical for Karpov. Although
d4-d5 is White's main idea, he does not hurry with it.} ({Black has several
good answers against} 16. d5 {. For instance, he can more or less transpose to
the game with ...e5, when both sides will have avoided the losses of time ...
Qb8-d8 and Nb5-c3, but also} Bxc3 $5 17. Qxc3 e5 18. b3 Nc5 {[%cal Gb7c8,Gc8g4]
} 19. a3 a4 $5 20. b4 Nb3 $132 {[%csl Gd4][%cal Gb7c8,Gc8g4]}) 16... Qb8 {
[%csl Gd6][%cal Gc7c6]} 17. d5 e5 18. b3 (18. Bh3 Bc8 19. b3 Nc5 $10 {Karpov})
18... Qd8 (18... Bc8 19. a3 Nf6 20. b4 Bd7 {Karpov}) 19. a3 Bh6 20. b4 {
White's position is more active, but in practice it is not easy to break
through.} Nf6 21. Nd2 (21. c5 $5 axb4 22. axb4 bxc5 23. bxc5 Ra5 24. Rb1 Ba6
25. Bf1 {Karpov}) 21... Qd7 22. Nc3 axb4 23. axb4 Ba6 24. Qd3 Ne8 (24... Rfb8
25. Nb3 Ne8 26. Re2 Bc8 $5 {Karpov}) 25. Ra1 Ng7 26. Nf3 (26. Ra2 Bxd2 27. Rxd2
Bb7 $10 {Karpov}) 26... Rfb8 27. Ra2 Bc8 28. Rea1 Rxa2 29. Rxa2 Qd8 30. Ra7 Bd7
31. c5 bxc5 32. bxc5 Ra8 {and Black managed to neutralise White's initiative
completely in Karpov,A (2705)-Kortschnoj,V (2650)/Tilburg 1986/CBM 003 (1/2,
42)}) 12. Ng5 $5 {Almost never played before. The traditional plan is playing
for a space advantage in the centre and later on the queenside.} ({True,} 12.
e4 {prematurely weakens the d4-square:} Nc6 $1 13. Rad1 e5 14. dxe5 Nxe5 15.
Nd5 Nxf3+ 16. Bxf3 Re8 17. Bg2 Bxd5 $5 18. cxd5 {In principle, the structure
should favour White, but Black finds a way of rapidly making use of his ultra
active bishop.} a4 19. Rd3 Ra5 20. b4 axb3 21. axb3 Qd7 22. b4 Ra4 23. Rb3 Rea8
24. h4 Ra2 25. Qd3 Qa4 26. Rc1 Bd4 $36 {Potkin,V (2606)-Riazantsev,A (2646)/
Ulan Ude 2009/CBM 132 (0-1, 45)}) (12. Rad1 Nd7 13. e4 {is the standard plan.}
g6 (13... e5 {leads to the same kind of position as in the main line:} 14. d5
g6 15. a3 Qe7 16. b4 Rfb8 17. Ra1 Ra6 18. Nd2 Rba8 19. Qb2 Qd8 20. Bh3 Bc8 21.
Kg2 h5 22. Nb3 axb4 23. axb4 Be7 24. Rxa6 Bxa6 25. Ra1 Nf6 26. Nd2 {Cosma,I 
(2440)-Ostojic,N (2465)/Belgrade 1995/CBM 047 ext (1-0, 48)} Bf8 $5 {/\...Bh6})
14. h4 h5 {and we have transposed to the two K-K games mentioned above.}) 12...
hxg5 $146 {Obviously best. Black keeps his bishop on the active diagonal and
gains some kingside space.} (12... Bxg5 $6 13. Bxb7 Ra7 14. Bg2 c6 15. Rad1 $14
{Angel Acosta,J (2197)-Rudolf,A (2355)/Totana 2011/ (1/2, 45)}) 13. Bxb7 Ra7
14. Bg2 c6 (14... Bxd4 $2 15. Nb5 $18 {This explains why White could not play
Nf3-g5 one move earlier: he needs his other knight on c3.}) 15. Rad1 Rc7 16. e3
{White's position is more pleasant. He has more space, and his bishop is
stonger than Black's.} Nd7 (16... b5 $2 17. cxb5 cxb5 18. Qe2 b4 19. Nb5 Re7 (
19... Rc8 $2 20. Bb7 $18) 20. Rc1 d5 21. Rc2 $36) 17. Qa4 Qc8 18. a3 Be7 {
Relying on the flexibility of his position.} (18... d5 $5) 19. Rc1 (19. b4 $5 {
deserves being taken into account.} d5 20. c5 g4 21. h3 b5 22. Qc2 gxh3 23.
Bxh3 Ra7 24. Rfe1 $1 {The bishop will be transferred to d3, in order to create
the latent threat of a piece sacrifice on b5, while also putting the enemy
kingside under pressure.} Nf6 25. Bf1 Qb7 26. Bd3 Rfa8 27. Kg2 Bf8 28. Rh1 g6 {
Black's position looks solid, but I would feel uncomfortable.}) 19... Nf6 20.
Rc2 Qd7 21. Rfc1 Rb8 22. Bf1 ({Now or at some earlier stage, White should have
ade up his mind to play the thematic d4-d5. For instance:} 22. d5 exd5 23. cxd5
c5 24. Qxd7 Rxd7 25. Bf1 g4 26. Kg2 g6 27. Be2 Kg7 $14 {White has the more
flexible structure, since the queenside majority mas lost its mobility.
However, Black's position remains solid.}) 22... d5 $11 23. cxd5 exd5 24. Nb1
c5 25. Qxd7 Rxd7 26. Nc3 cxd4 $6 {Releasing the tension without being forced
to.} ({Any neutral move would have been better, for instance} 26... g6 $5 {
since} 27. dxc5 bxc5 28. Na4 {is not dangerous. Black has several ways of
reacting, since the b2-pawn is also hanging. Those who remember the game
Bernstein-Capablanca, may prefer} c4 $5) 27. exd4 Ne4 28. Bh3 Rdd8 29. Nb5 $36
Bf8 30. Rc7 g6 31. Bg2 $6 {Having achieved a very active position, White
starts stepping back.} (31. R1c6 $5 $14 {/+/-}) (31. Ra7 $5 $14 {/[#]}) 31...
Bg7 32. Bxe4 dxe4 33. R1c4 Rd5 34. a4 Rbd8 $132 35. Rc8 g4 36. Rxd8+ Rxd8 37.
Kf1 f5 38. Ke2 Kf7 39. b3 Rd7 40. Kd2 Bh6+ 41. Ke2 Bg7 42. Kf1 Bf6 43. Kg2 Kg7
44. Rc1 Kf7 45. h3 gxh3+ 46. Kxh3 Bg5 47. Rc4 e3 48. fxe3 Bxe3 49. Kg2 Bg5 50.
Kf3 Re7 51. Rc3 Bf6 52. Rc6 Rd7 53. Ke3 Bd8 54. Nd6+ Kg7 55. Nc4 Bf6 56. Nd6
Be7 57. Nb5 Bd8 58. Kd3 Kh6 59. Kc4 Kh5 60. d5 g5 61. d6 f4 62. gxf4 gxf4 63.
Nd4 Kg4 64. Kd5 f3 65. Ke6 f2 66. Kxd7 Bg5 67. Rc4 f1=Q 68. Ne6+ Kh5 69. Nxg5
Kxg5 70. Kc7 Qf7+ 71. d7 Kh5 72. Rd4 Qe7 73. Rd6 Kg4 74. Rc6 Qf7 75. Kc8 Qf5
76. Kc7 Qf7 77. Rxb6 Kf3 78. Rb5 Qf4+ 79. Kc8 Qc1+ 80. Kb7 Qd2 81. Kc6 Qh6+ 82.
Kc7 Qf4+ 83. Kc8 Qc1+ 84. Kb8 Qf4+ 85. Kc8 1/2-1/2